| 000 | 00674nam a2200217 i 4500 | ||
|---|---|---|---|
| 001 | 35945 | ||
| 003 | ES-MaACL | ||
| 005 | 20230906155243.0 | ||
| 007 | t| | ||
| 008 | 030214s1982 sp ||||1| cat d | ||
| 100 | 1 |
_aBroggi i Trias, Marc-Antoni ( _d1942-) _931875 |
|
| 245 | 1 | 0 |
_aHernia inguinocrural / _cpor M.A. Broggi y Trias, J.A. Salvá i Lacombe. |
| 250 | _a[1ª ed.]. | ||
| 260 |
_aBarcelona : _bJims, _c[1982] |
||
| 300 |
_aXIX, 205 p. : _bil. ; _c22 cm. |
||
| 504 | _aBibliografía: p. 195-205. | ||
| 650 | 4 |
_aHernia inguinal. _9158348 |
|
| 650 | 4 |
_aHernia femoral. _9158349 |
|
| 700 | 0 |
_aSalvà Lacombe, J. A. _9102060 |
|
| 852 |
_aES-MaACL _jL-2241 _bR.102630 |
||
| 999 |
_c35945 _d35945 |
||